000 00353 a2200157 4500
001 181705
020 _a
040 _cMagnum
100 _aGregolin, Maria do Rosario
240 1 0 _aDa palavra ao mundo - 1
_lpor
245 1 0 _aDa palavra ao mundo - 1
362 0 _a1899
440 1 _aAtual Editora
697 _aMAGNITO: PARADIDATICO
942 _cBK
999 _c181705
_d181705